000 01194cam a22003375a 4500
999 _c22403
_d22375
001 18886800
003 EG-ScBUE
005 20200209134313.0
008 151207s2016 enk f bd 001 0 eng d
020 _a9781138119031
040 _aDLC
_beng
_erda
_cDLC
_dEG-ScBUE
082 0 4 _a801.95
_bBEN
_222
100 1 _aBennett, Andrew,
_d1960 December 2-
_eauthor.
_941230
245 1 3 _aAn introduction to literature, criticism and theory /
_cAndrew Bennett and Nicholas Royle.
250 _aFifth edition.
264 1 _aMilton Park, Abingdon, Oxon ;
_aNew York, NY :
_bRoutledge, Taylor and Francis Group,
_c2016.
300 _axiv, 432 pages ;
_c24 cm
336 _2rdacontent
_atext
_btxt
337 _2rdamedia
_aunmediated
_bn
338 _2rdacarrier
_avolume
_bnc
500 _aIncludes glossary.
504 _aIncludes bibliographical references and index.
650 7 _aLiterature
_xHistory and criticism
_xTheory, etc.
_2BUEsh
_95271
650 7 _aCriticism.
_2BUEsh
_95477
651 _2BUEsh
653 _bHHUUEENN
_cSeptember2016
653 _bHHUUEENN
_cOctober2016
655 _vReading book
700 1 _aRoyle, Nicholas,
_d1957-
_eauthor.
_941334
942 _2ddc
_e22
_k801.95 BEN
_cBB